Top 35 countries with the most organ transplants - Statistics

General Stats
  • This quiz has been taken 59 times
  • The average score is 25 of 35
Answer Stats
Hint Answer % Correct
4. United States
100%
10. United Kingdom
94%
1. Spain
92%
12. Canada
90%
35. Germany
90%
5. France
88%
6. Italy
88%
17. Australia
87%
2. Portugal
87%
13. Finland
83%
24. Netherlands
83%
25. Poland
83%
3. Belgium
81%
15. Ireland
81%
8. Austria
79%
20. Brazil
77%
11. Norway
77%
19. Switzerland
77%
28. Argentina
73%
7. Czech Republic
71%
33. Chile
69%
34. South Korea
69%
23. Slovakia
67%
27. Estonia
62%
18. Iceland
62%
30. Latvia
62%
21. Hungary
60%
32. Israel
60%
26. Lithuania
60%
14. Slovenia
58%
22. Luxembourg
50%
9. Belarus
37%
29. Cuba
35%
16. Uruguay
33%
31. Cyprus
25%
No matching quizzes found
Score Distribution
Percent of People with Each Score
Percentile by Number Answered
Your Score History
You have not taken this quiz